• 首页
  • 本馆介绍
  • 公告通知
  • 最新文献
  • 馆藏检索
  • 电子资源
  • 读者导购
  • 参考咨询
  • 我的图书馆
  • 登录
  • 详细信息显示
  • 放入我的书架
  • 预约/预借图书
  • 作者相关作品
  • 分类相关作品
  • 丛书相关作品
  • 出版社相关作品

书目信息

  • 表格格式
  • 工作单格式
  • 卡片格式
题名:
神华集团党建史
    
 
作者: ;神华集团党建史编委会 编著
分册:   神东篇
出版信息: 北京   红旗出版社  2017
页数: 376页
开本: 24cm
丛书名:
单 册:
中图分类: D267.1
科图分类:
主题词:
电子资源:
ISBN: 978-7-5051-4201-5
000 00982nam0 2200229 450
001 012001001192
005 20140920091302.0
010    @a978-7-5051-4201-5@b精装@dCNY108.00
100    @a20180217d2017 em y0chiy50 ea
101 0  @achi
102    @aCN@b110000
105    @aa z 000yy
106    @ar
200 1  @a神华集团党建史@9Shen Hua Ji Tuan Dang Jian Shi@i神东篇@f神华集团党建史编纂委员会[编著]
210    @a北京@c红旗出版社@d2017
215    @a376页@c彩图,彩照@d24cm
330    @a本书共分6章,分别为历史性伟大转折和世界级煤田的大发现;开发模式的革命性突破与党的工作体制确立;煤炭工业新纪元的开启和党的建设协同创新;领航煤炭工业新变革与加强党的先进性建设;建设世界一流煤炭企业与提高党建科学化水平;适应经济发展新常态与落实全面从严治党。
601 02 @a中国共产党@x煤炭企业@x党的建设@x党史
690    @aD267.1@v5
711 02 @a神华集团党建史编委会@9Shen Hua Ji Tuan Dang Jian Shi Bian Wei Hui@4编著
801  0 @aCN@b上海新华@c20180901
905    @b1156010-13@dD267.1@e277@f4
    
    神华集团党建史.神东篇/神华集团党建史编纂委员会[编著].-北京:红旗出版社,2017
    376页:彩图,彩照;24cm
    
    
    ISBN 978-7-5051-4201-5(精装):CNY108.00
    本书共分6章,分别为历史性伟大转折和世界级煤田的大发现;开发模式的革命性突破与党的工作体制确立;煤炭工业新纪元的开启和党的建设协同创新;领航煤炭工业新变革与加强党的先进性建设;建设世界一流煤炭企业与提高党建科学化水平;适应经济发展新常态与落实全面从严治党。
●
相关链接 在E读中查询图书 在五车中查询图书 在当当中查询图书 在豆瓣中查询图书


正题名:神华集团党建史     索取号:D267.1/277         预约/预借

序号 登录号 条形码 馆藏地/架位号 状态 备注
1 1156010   211560103   第一样本阅览室/ [索取号:D267.1/277] 在馆    
2 1156011   211560112   第一借阅区/ [索取号:D267.1/277] 在馆    
3 1156012   211560121   第一借阅区/ [索取号:D267.1/277] 在馆    
4 1156013   211560130   第一借阅区/ [索取号:D267.1/277] 在馆    
唐山师范学院图书馆 欢迎您!
大连网信软件有限公司© 版权所有